Normal view
MARC view
- Edagawa, Yūichirō,
Entry Personal Name
001 - CONTROL NUMBER
- control field: 120991
003 - CONTROL NUMBER IDENTIFIER
- control field: NUST
005 - DATE AND TIME OF LATEST TRANSACTION
- control field: 20240221102823.0
008 - FIXED-LENGTH DATA ELEMENTS
- fixed length control field: 240221|| aca||aabn | a|a d
040 ## - CATALOGING SOURCE
- Original cataloging agency: NUST
- Transcribing agency: NUST
100 ## - HEADING--PERSONAL NAME
- Personal name: Edagawa, Yūichirō,
- Dates associated with a name: 1948-
670 ## - SOURCE DATA FOUND
- Source citation: Work cat.: (NUST): Edagawa, Yūichirō, 1948-, Japanese creativity :, 2008.
